000 01445cam a2200373 i 4500
999 _c14430
_d14430
001 18387641
005 20190919101440.0
008 141126s2014 ph b f001 0 eng
010 _a 2014309764
020 _a9789715427395
040 _aDLC
_beng
_cDLC
_erda
_dDLC
041 0 _aeng
_atgl
042 _alcode
_apcc
043 _aa-ph---
050 0 0 _aP92.P5
_bC653 2014
082 _22014
_aDFil 302.209599
_bC737
245 0 0 _aCommunication and media theories /
_cRolando B. Tolentino [and three others], editors.
260 _aDiliman, Quezon City :
_bUniversity of the Philippines Press,
_c©2014.
300 _aix, 547 pages ;
_c26 cm.
490 0 _aMedia and communication textbook series
504 _aIncludes bibliographical references and index.
546 _aIn English, and some articles in Tagalog.
650 0 _aCommunication
_zPhilippines.
_939804
650 0 _aMass media
_zPhilippines.
_939805
650 0 _aCommunication
_xStudy and teaching
_zPhilippines.
_939806
650 0 _aMass media
_xStudy and teaching
_zPhilippines.
_939807
700 1 _aTolentino, Roland B.
_eeditor.
_939808
710 2 _aUniversity of the Philippines Press,
_epublisher.
_939809
856 4 1 _3Table of contents only
_uhttp://www.loc.gov/catdir/toc/fy16pdf01/2014309764.html
365 _b600.00
_cPhp
906 _a7
_bcbc
_corigode
_d3
_encip
_f20
_gy-gencatlg
942 _2ddc
_cDFIL